[Event "22. Torneo San Viator"]
[Site "Madrid ESP"]
[Date "2014.04.27"]
[Round "5.15"]
[White "Perez Gonzalez, Manuel"]
[Black "Garcia Galeote, Lorenzo"]
[Result "0-1"]
[WhiteElo "1625"]
[BlackElo "1973"]
[PlyCount "50"]
[EventDate "2014.03.23"]
[EventType "swiss"]
[EventRounds "9"]
[EventCountry "ESP"]
[SourceTitle "Ajedrez en Madrid"]
[Source "lmi"]
[SourceDate "2014.03.23"]
[SourceVersion "1"]
[SourceVersionDate "2014.07.21"]
[SourceQuality "1"]

1. e4 g6 2. d4 Bg7 3. Be3 d6 4. f4 a6 5. c3 b5 6. Nf3 Bb7 7. Nbd2 Nd7 8. Bd3 c5
9. O-O Ngf6 10. h3 O-O 11. Bc2 Rc8 12. e5 Nd5 13. Re1 Nxe3 14. Rxe3 cxd4 15.
cxd4 dxe5 16. fxe5 Nb6 17. Bb3 e6 18. Rc3 Qe7 19. Rac1 Rxc3 20. bxc3 Rc8 21.
Qe1 Bh6 22. Nh2 Qg5 23. Ng4 Qxd2 24. Qxd2 Bxd2 25. Nf6+ Kg7 0-1

[Event "22. Torneo San Viator"]
[Site "Madrid ESP"]
[Date "2014.04.27"]
[Round "5.16"]
[White "Marret, Constantin Pierre"]
[Black "Jordana Vargas, Julio"]
[Result "1/2-1/2"]
[WhiteElo "1605"]
[BlackElo "1948"]
[PlyCount "31"]
[EventDate "2014.03.23"]
[EventType "swiss"]
[EventRounds "9"]
[EventCountry "ESP"]
[SourceTitle "Ajedrez en Madrid"]
[Source "lmi"]
[SourceDate "2014.03.23"]
[SourceVersion "1"]
[SourceVersionDate "2014.07.21"]
[SourceQuality "1"]

1. Nf3 Nf6 2. g3 d5 3. d4 e6 4. Bg2 c5 5. c4 Nc6 6. cxd5 exd5 7. O-O Be7 8. Nc3
O-O 9. Bg5 cxd4 10. Nxd4 h6 11. Bf4 a6 12. Rc1 Qb6 13. Nxc6 bxc6 14. Na4 Qa5
15. Rxc6 Bd7 16. Rc7 1/2-1/2

[Event "22. Torneo San Viator"]
[Site "Madrid ESP"]
[Date "2014.04.27"]
[Round "5.17"]
[White "Alonso Abad, Enrique"]
[Black "Perez Carballeira, Francisco"]
[Result "1-0"]
[WhiteElo "1917"]
[BlackElo "1606"]
[PlyCount "39"]
[EventDate "2014.03.23"]
[EventType "swiss"]
[EventRounds "9"]
[EventCountry "ESP"]
[SourceTitle "Ajedrez en Madrid"]
[Source "lmi"]
[SourceDate "2014.03.23"]
[SourceVersion "1"]
[SourceVersionDate "2014.07.21"]
[SourceQuality "1"]

1. d4 d5 2. Nf3 c6 3. e3 Bf5 4. c4 Nf6 5. Nc3 e6 6. Nh4 Bg6 7. Qb3 Qc7 8. Nxg6
hxg6 9. Bd2 Nbd7 10. cxd5 exd5 11. g3 Ng4 12. Rc1 Nb6 13. Nxd5 Nxd5 14. Qxd5
cxd5 15. Rxc7 a6 16. Rxb7 Rxh2 17. Rxh2 Nxh2 18. Bg2 Ng4 19. Bxd5 Rc8 20. Bxf7+
1-0

[Event "22. Torneo San Viator"]
[Site "Madrid ESP"]
[Date "2014.04.27"]
[Round "5.18"]
[White "Padin Lazaro, Jose Manuel"]
[Black "Vega De Las Heras, Carlos"]
[Result "1-0"]
[WhiteElo "1862"]
[BlackElo "1560"]
[PlyCount "57"]
[EventDate "2014.03.23"]
[EventType "swiss"]
[EventRounds "9"]
[EventCountry "ESP"]
[SourceTitle "Ajedrez en Madrid"]
[Source "lmi"]
[SourceDate "2014.03.23"]
[SourceVersion "1"]
[SourceVersionDate "2014.07.21"]
[SourceQuality "1"]

1. e4 c6 2. d4 d5 3. Nc3 dxe4 4. Nxe4 Bf5 5. Ng3 Bg6 6. h4 h6 7. Nf3 Nf6 8. h5
Bh7 9. Bd3 Bxd3 10. Qxd3 e6 11. Bd2 Nbd7 12. O-O-O Qc7 13. Ne4 Nxe4 14. Qxe4
Bd6 15. Kb1 O-O-O 16. Rh4 Nf6 17. Qe2 Nd5 18. g3 Bb4 19. c3 Bd6 20. c4 Nf6 21.
c5 Be7 22. Bf4 Qa5 23. Ne5 Rhf8 24. Nxf7 Rde8 25. Qxe6+ Nd7 26. Ne5 Qd8 27.
Nxc6 Bd6 28. Qxd6 bxc6 29. Qxc6+ 1-0

[Event "22. Torneo San Viator"]
[Site "Madrid ESP"]
[Date "2014.04.27"]
[Round "5.19"]
[White "Medrano Del Val, Julio"]
[Black "Jimenez Gallego, Rafael"]
[Result "1-0"]
[WhiteElo "1794"]
[BlackElo "1455"]
[PlyCount "49"]
[EventDate "2014.03.23"]
[EventType "swiss"]
[EventRounds "9"]
[EventCountry "ESP"]
[SourceTitle "Ajedrez en Madrid"]
[Source "lmi"]
[SourceDate "2014.03.23"]
[SourceVersion "1"]
[SourceVersionDate "2014.07.21"]
[SourceQuality "1"]

1. d4 d5 2. c4 dxc4 3. e4 e6 4. Bxc4 Be7 5. Nf3 Nf6 6. Nc3 O-O 7. O-O a6 8. e5
Nd5 9. a3 b5 10. Bd3 h6 11. Bc2 Bb7 12. Qd3 g6 13. Bxh6 Re8 14. Ne4 Bf8 15.
Bxf8 Kxf8 16. Qd2 Ke7 17. Nc5 Bc6 18. Qg5+ Kf8 19. Qh6+ Ke7 20. Bxg6 Rh8 21.
Qg5+ f6 22. exf6+ Nxf6 23. Nxe6 Kxe6 24. Rfe1+ Ne4 25. Qe5+ 1-0

[Event "22. Torneo San Viator"]
[Site "Madrid ESP"]
[Date "2014.04.27"]
[Round "5.20"]
[White "Jaumandreu Llopis, Antonio"]
[Black "Villanueva Ortega, Ruben"]
[Result "0-1"]
[WhiteElo "1563"]
[BlackElo "1793"]
[PlyCount "76"]
[EventDate "2014.03.23"]
[EventType "swiss"]
[EventRounds "9"]
[EventCountry "ESP"]
[SourceTitle "Ajedrez en Madrid"]
[Source "lmi"]
[SourceDate "2014.03.23"]
[SourceVersion "1"]
[SourceVersionDate "2014.07.21"]
[SourceQuality "1"]

1. e4 c5 2. d4 cxd4 3. c3 d3 4. Nf3 Nc6 5. Bxd3 d6 6. h3 Nf6 7. c4 g6 8. Nc3
Bg7 9. O-O O-O 10. Re1 h6 11. Bd2 Nd7 12. Qc1 Nde5 13. Nxe5 Nxe5 14. Bf1 Kh7
15. Re3 Be6 16. Nd5 Rc8 17. Rc3 Nd7 18. Rb3 Nc5 19. Re3 Nxe4 20. Nxe7 Qxe7 21.
Rxe4 d5 22. Re1 dxc4 23. a4 Rfd8 24. Bc3 Bd4 25. Bxd4 Rxd4 26. Qc3 Qc5 27. Rac1
Rf4 28. Re2 Qd4 29. Qxd4 Rxd4 30. Rec2 a6 31. Be2 b5 32. a5 b4 33. Kf1 Rc5 34.
Ke1 Kg7 35. Bf1 Re5+ 36. Be2 Bf5 37. Rd2 Bd3 38. g3 Rde4 0-1

[Event "22. Torneo San Viator"]
[Site "Madrid ESP"]
[Date "2014.04.27"]
[Round "5.22"]
[White "Sanchez Rodenas, Jose Antonio"]
[Black "Santos Burkholz, Mario"]
[Result "1-0"]
[WhiteElo "1738"]
[BlackElo "1424"]
[PlyCount "85"]
[EventDate "2014.03.23"]
[EventType "swiss"]
[EventRounds "9"]
[EventCountry "ESP"]
[SourceTitle "Ajedrez en Madrid"]
[Source "lmi"]
[SourceDate "2014.03.23"]
[SourceVersion "1"]
[SourceVersionDate "2014.07.21"]
[SourceQuality "1"]

1. d4 d5 2. c4 e6 3. Nf3 Nf6 4. Nc3 Be7 5. e3 O-O 6. Bd3 b6 7. cxd5 exd5 8. O-O
Bb7 9. b3 Nbd7 10. Bb2 c5 11. Rc1 Rc8 12. Qe2 Re8 13. Bb5 Bc6 14. Ba6 Rc7 15.
Nb5 Bxb5 16. Bxb5 Bd6 17. Ne5 Re7 18. Nc6 Rxc6 19. Bxc6 Bxh2+ 20. Kxh2 Qc7+ 21.
g3 Qxc6 22. Rh1 Nf8 23. dxc5 bxc5 24. Bxf6 gxf6 25. Qc2 Rc7 26. Qf5 c4 27. Rhd1
Rd7 28. bxc4 dxc4 29. Rxd7 Nxd7 30. Qg4+ Kf8 31. Rxc4 Ne5 32. Qc8+ Qxc8 33.
Rxc8+ Kg7 34. Rc7 Ng4+ 35. Kg2 a5 36. Ra7 Ne5 37. Rxa5 Ng4 38. Ra8 Kg6 39. a4
Kf5 40. f3 Ke5 41. Rh8 Kd5 42. Rxh7 Kc5 43. Rxf7 1-0

[Event "22. Torneo San Viator"]
[Site "Madrid ESP"]
[Date "2014.04.27"]
[Round "5.24"]
[White "Del Noval Nemeshazi, Nesztor"]
[Black "Franco Rincon, David"]
[Result "1-0"]
[WhiteElo "1430"]
[BlackElo "1685"]
[PlyCount "99"]
[EventDate "2014.03.23"]
[EventType "swiss"]
[EventRounds "9"]
[EventCountry "ESP"]
[SourceTitle "Ajedrez en Madrid"]
[Source "lmi"]
[SourceDate "2014.03.23"]
[SourceVersion "1"]
[SourceVersionDate "2014.07.21"]
[SourceQuality "1"]

1. e4 e5 2. Nf3 Nc6 3. Bc4 Bc5 4. c3 d6 5. d4 exd4 6. cxd4 Bb4+ 7. Bd2 Bxd2+ 8.
Qxd2 Nf6 9. Nc3 O-O 10. h3 Re8 11. Bd3 Bf5 12. Qf4 Bg6 13. O-O Nb4 14. Bb1 h6
15. a3 Nc6 16. d5 Ne5 17. Nxe5 Rxe5 18. f3 Qd7 19. Bd3 a6 20. Rac1 Rae8 21. Rc2
Rg5 22. Kh2 Rge5 23. Rfc1 R5e7 24. b4 b5 25. Qd2 Rc8 26. Ne2 Ne8 27. Nd4 f6 28.
Nc6 Rf7 29. a4 bxa4 30. Bxa6 Ra8 31. Bb7 Rd8 32. Qd4 f5 33. e5 dxe5 34. Nxe5
Qd6 35. Rc6 Qxd5 36. Qxd5 Rxd5 37. Nxg6 Rb5 38. Ba6 Rxb4 39. Bc4 Nd6 40. Bxf7+
Kxf7 41. Rxc7+ Kxg6 42. R1c6 a3 43. Rxd6+ Kh7 44. Ra6 h5 45. Rxa3 Kh6 46. Ra5
g6 47. Rc6 Kg5 48. Raa6 Rb2 49. Rxg6+ Kh4 50. Ra4+ 1-0

[Event "22. Torneo San Viator"]
[Site "Madrid ESP"]
[Date "2014.04.27"]
[Round "5.25"]
[White "Estebanez Cuesta, Alfredo"]
[Black "Cervino Rossel, Cristobal"]
[Result "0-1"]
[WhiteElo "1578"]
[BlackElo "2018"]
[PlyCount "76"]
[EventDate "2014.03.23"]
[EventType "swiss"]
[EventRounds "9"]
[EventCountry "ESP"]
[SourceTitle "Ajedrez en Madrid"]
[Source "lmi"]
[SourceDate "2014.03.23"]
[SourceVersion "1"]
[SourceVersionDate "2014.07.21"]
[SourceQuality "1"]

1. d4 Nf6 2. c4 e6 3. a3 b6 4. e3 Bb7 5. Nf3 Be7 6. Nc3 O-O 7. Bd3 d5 8. b3
Nbd7 9. O-O Ne4 10. Bb2 f5 11. cxd5 exd5 12. b4 Nxc3 13. Bxc3 Bd6 14. Qc2 g6
15. Ne5 Qh4 16. f4 Nf6 17. Nf3 Qh6 18. Ng5 Ng4 19. h3 Nxe3 20. Qe2 Nxf1 21.
Qe6+ Kh8 22. Nf7+ Rxf7 23. Qxf7 Ng3 24. Qf6+ Qg7 25. Qxg7+ Kxg7 26. Bd2 Ne4 27.
Be3 c6 28. g4 Kf6 29. g5+ Ke6 30. Ra2 b5 31. h4 a5 32. bxa5 Rxa5 33. Bc1 c5 34.
h5 c4 35. Be2 b4 36. a4 b3 37. Ra1 Bc6 38. hxg6 hxg6 0-1

[Event "22. Torneo San Viator"]
[Site "Madrid ESP"]
[Date "2014.04.27"]
[Round "5.26"]
[White "Andalon Gomez, Carlos J"]
[Black "Vega De Alba, Miguel"]
[Result "1-0"]
[WhiteElo "2000"]
[BlackElo "1582"]
[PlyCount "67"]
[EventDate "2014.03.23"]
[EventType "swiss"]
[EventRounds "9"]
[EventCountry "ESP"]
[SourceTitle "Ajedrez en Madrid"]
[Source "lmi"]
[SourceDate "2014.03.23"]
[SourceVersion "1"]
[SourceVersionDate "2014.07.21"]
[SourceQuality "1"]

1. d4 d5 2. c4 e6 3. Nc3 Nf6 4. Bg5 Be7 5. e3 O-O 6. Bd3 Nbd7 7. Nge2 dxc4 8.
Bxc4 c6 9. O-O Nd5 10. Bxe7 Qxe7 11. e4 Nxc3 12. bxc3 Rd8 13. Qe1 Nb6 14. Bb3
e5 15. Rd1 Be6 16. Ng3 Bxb3 17. axb3 exd4 18. cxd4 Rd7 19. Nf5 Qf6 20. Rd3 g6
21. Nh6+ Kh8 22. Ng4 Qe7 23. Ne5 Rdd8 24. f4 Nd7 25. Nc4 Nf6 26. e5 Nd5 27. Nd6
Nxf4 28. Rdf3 g5 29. h4 h6 30. hxg5 hxg5 31. Qe3 Rg8 32. Rh3+ Nxh3+ 33. Qxh3+
Kg7 34. Nf5+ 1-0

[Event "22. Torneo San Viator"]
[Site "Madrid ESP"]
[Date "2014.04.27"]
[Round "5.27"]
[White "Gutierrez Chamorro, Alejandro"]
[Black "Caballero Gallego, Luis"]
[Result "0-1"]
[WhiteElo "1555"]
[BlackElo "1880"]
[PlyCount "84"]
[EventDate "2014.03.23"]
[EventType "swiss"]
[EventRounds "9"]
[EventCountry "ESP"]
[SourceTitle "Ajedrez en Madrid"]
[Source "lmi"]
[SourceDate "2014.03.23"]
[SourceVersion "1"]
[SourceVersionDate "2014.07.21"]
[SourceQuality "1"]

1. e4 e6 2. d4 d5 3. exd5 exd5 4. Nf3 Bd6 5. Be3 Bf5 6. Bd3 Bxd3 7. Qxd3 Nf6 8.
Nbd2 O-O 9. O-O Nbd7 10. Bg5 h6 11. Bh4 c6 12. Rfe1 Qc7 13. Bg3 Bxg3 14. hxg3
Rfe8 15. Rxe8+ Rxe8 16. Re1 Rxe1+ 17. Nxe1 Nf8 18. Nef3 Ng6 19. Qf5 Qe7 20. Ne5
Nxe5 21. Qxe5 Qxe5 22. dxe5 Ng4 23. Nf3 Kf8 24. Nd4 Nxe5 25. f4 Nc4 26. b3 Nd6
27. Kf2 c5 28. Ne2 h5 29. Kf3 Ke7 30. Ng1 Ke6 31. g4 hxg4+ 32. Kxg4 d4 33. Kf3
b5 34. Ne2 Kd5 35. g4 Ne4 36. Nc1 c4 37. Ke2 Nc3+ 38. Kf3 a6 39. b4 f6 40. g5
fxg5 41. fxg5 g6 42. Kf4 Ke6 0-1

[Event "22. Torneo San Viator"]
[Site "Madrid ESP"]
[Date "2014.04.27"]
[Round "5.28"]
[White "Navarro Fernandez, Miguel"]
[Black "Rufo Yebra, Benito"]
[Result "1-0"]
[WhiteElo "1851"]
[BlackElo "1572"]
[PlyCount "63"]
[EventDate "2014.03.23"]
[EventType "swiss"]
[EventRounds "9"]
[EventCountry "ESP"]
[SourceTitle "Ajedrez en Madrid"]
[Source "lmi"]
[SourceDate "2014.03.23"]
[SourceVersion "1"]
[SourceVersionDate "2014.07.21"]
[SourceQuality "1"]

1. e4 d6 2. d4 c6 3. c4 Nf6 4. Nc3 g6 5. f4 Bg7 6. Nf3 a6 7. a4 Bg4 8. Be2 Nbd7
9. O-O Qc7 10. e5 Nh5 11. Ng5 Bxe2 12. Qxe2 e6 13. g4 h6 14. Nge4 Nxf4 15.
Nxd6+ Qxd6 16. Rxf4 Qe7 17. Ne4 Nxe5 18. dxe5 Bxe5 19. Rf3 O-O-O 20. Be3 f5 21.
gxf5 gxf5 22. Ng3 h5 23. Bb6 Bd4+ 24. Bxd4 Rxd4 25. Nxf5 Qg5+ 26. Ng3 e5 27.
Rf5 Qg8 28. Qxe5 Rxc4 29. Raf1 Qe8 30. Qg7 Rg8 31. Qh6 Qe3+ 32. Qxe3 1-0

[Event "22. Torneo San Viator"]
[Site "Madrid ESP"]
[Date "2014.04.27"]
[Round "5.29"]
[White "Linares Leyva, David"]
[Black "Gonzalez Reyes, Felix"]
[Result "1-0"]
[WhiteElo "1838"]
[BlackElo "1561"]
[PlyCount "97"]
[EventDate "2014.03.23"]
[EventType "swiss"]
[EventRounds "9"]
[EventCountry "ESP"]
[SourceTitle "Ajedrez en Madrid"]
[Source "lmi"]
[SourceDate "2014.03.23"]
[SourceVersion "1"]
[SourceVersionDate "2014.07.21"]
[SourceQuality "1"]

1. Nf3 d5 2. d4 Nf6 3. g3 c6 4. Bg2 Bg4 5. O-O e6 6. Nbd2 Nbd7 7. c4 Be7 8. Re1
O-O 9. Qb3 Qb6 10. c5 Qxb3 11. Nxb3 b6 12. Be3 h6 13. Rac1 Rac8 14. Nbd2 Rfe8
15. b4 b5 16. Nb3 Bd8 17. Bf4 g5 18. Be5 Bf5 19. Nfd2 Nxe5 20. dxe5 Nd7 21. f4
g4 22. Nd4 Bg6 23. e4 Nb8 24. N2b3 Na6 25. a3 Kg7 26. f5 Bh7 27. f6+ Kg8 28.
Re3 Nb8 29. exd5 exd5 30. Rce1 Rc7 31. Na5 Rc8 32. Nb7 Bc7 33. e6 Bg6 34. exf7+
Bxf7 35. Nf5 Kh7 36. Nbd6 Rxe3 37. Rxe3 Bxd6 38. Nxd6 Rf8 39. Re7 Kg6 40. Rxa7
Kxf6 41. Rb7 Ke6 42. Nxf7 Rxf7 43. Rxb8 h5 44. Rd8 Rf5 45. Rd6+ Ke5 46. Rxc6 d4
47. Rd6 Rf8 48. Rd5+ Ke6 49. Rxd4 1-0

[Event "22. Torneo San Viator"]
[Site "Madrid ESP"]
[Date "2014.04.27"]
[Round "5.30"]
[White "Garcia Rojas, Juan Carlos"]
[Black "Uceda Martinez, Jacinto"]
[Result "1/2-1/2"]
[WhiteElo "1548"]
[BlackElo "1822"]
[PlyCount "126"]
[EventDate "2014.03.23"]
[EventType "swiss"]
[EventRounds "9"]
[EventCountry "ESP"]
[SourceTitle "Ajedrez en Madrid"]
[Source "lmi"]
[SourceDate "2014.03.23"]
[SourceVersion "1"]
[SourceVersionDate "2014.07.21"]
[SourceQuality "1"]

1. e4 c5 2. Nf3 a6 3. d3 Nc6 4. Be3 e5 5. Be2 d6 6. O-O Be7 7. Nc3 f5 8. exf5
Bxf5 9. Nd2 Nf6 10. f3 O-O 11. Nce4 Nd5 12. Bf2 b5 13. Ng3 Be6 14. Nde4 Nf4 15.
b3 h5 16. Re1 h4 17. Nf1 h3 18. Ne3 d5 19. Ng3 d4 20. Ng4 Nxg2 21. Bf1 Nxe1 22.
Qxe1 Bxg4 23. fxg4 Bd6 24. Bxh3 Ne7 25. Bg2 Ra7 26. h3 Ng6 27. Be4 Nf4 28. Nf5
Nxh3+ 29. Kh2 Nf4 30. Bg3 Bb8 31. Nh4 Rd7 32. Bf5 Re7 33. Qe4 Qd6 34. Bh7+ Kf7
35. Nf5 Qf6 36. Nxe7 Qh6+ 37. Kg1 Kxe7 38. Qb7+ Kf6 39. Qxa6+ Kg5 40. Qxh6+
Kxh6 41. Be4 Ne2+ 42. Kg2 Kg5 43. Rh1 Nc3 44. Rh5+ Kf6 45. Rf5+ Ke7 46. Bh4+
Rf6 47. Bxf6+ gxf6 48. a3 Nd1 49. Rf2 Nxf2 50. Kxf2 Bd6 51. Bd5 Kf8 52. Kf3 Kg7
53. a4 bxa4 54. bxa4 Bc7 55. Be6 Kg6 56. Ke4 Ba5 57. Bf5+ Kg5 58. Kd5 Bb4 59.
Kc4 Kf4 60. Kb5 Ke3 61. Kc4 Kd2 62. Kb3 Kc1 63. Be4 Kb1 1/2-1/2

[Event "22. Torneo San Viator"]
[Site "Madrid ESP"]
[Date "2014.04.27"]
[Round "5.31"]
[White "Kremer, Nadine"]
[Black "Ojosnegros Martin, Angel"]
[Result "1-0"]
[WhiteElo "1803"]
[BlackElo "1514"]
[PlyCount "87"]
[EventDate "2014.03.23"]
[EventType "swiss"]
[EventRounds "9"]
[EventCountry "ESP"]
[SourceTitle "Ajedrez en Madrid"]
[Source "lmi"]
[SourceDate "2014.03.23"]
[SourceVersion "1"]
[SourceVersionDate "2014.07.21"]
[SourceQuality "1"]

1. e4 e5 2. Nc3 Nf6 3. f4 d5 4. fxe5 Nxe4 5. Nf3 Be7 6. Qe2 Nxc3 7. dxc3 Nc6 8.
Bf4 Bg4 9. O-O-O Bxf3 10. Qxf3 Bg5 11. g3 Bxf4+ 12. gxf4 Qh4 13. Rxd5 g5 14.
Bb5 Qxf4+ 15. Qxf4 gxf4 16. Rf1 Rg8 17. Rxf4 a6 18. Bxc6+ bxc6 19. Rd1 Rg6 20.
Rdf1 O-O-O 21. Rxf7 Rh6 22. R1f2 Rd5 23. Re2 Re6 24. Rxh7 Rdxe5 25. Rxe5 Rxe5
26. Kd2 Kb7 27. h4 Kb6 28. h5 Rg5 29. h6 Rh5 30. Rh8 Kc5 31. h7 Rh3 32. b3 a5
33. Ke2 Rh6 34. Ke3 Rh1 35. Ke4 Re1+ 36. Kf5 Rf1+ 37. Ke6 Rh1 38. Kd7 Rh2 39.
Kxc7 Rh1 40. Kd7 Rh2 41. b4+ axb4 42. cxb4+ Kc4 43. a4 Kc3 44. a5 1-0

[Event "22. Torneo San Viator"]
[Site "Madrid ESP"]
[Date "2014.04.27"]
[Round "5.32"]
[White "Blanco Diez, David"]
[Black "Begona Ortiz, Isaac"]
[Result "0-1"]
[WhiteElo "1455"]
[BlackElo "1784"]
[PlyCount "164"]
[EventDate "2014.03.23"]
[EventType "swiss"]
[EventRounds "9"]
[EventCountry "ESP"]
[SourceTitle "Ajedrez en Madrid"]
[Source "lmi"]
[SourceDate "2014.03.23"]
[SourceVersion "1"]
[SourceVersionDate "2014.07.21"]
[SourceQuality "1"]

1. d4 f5 2. c4 Nf6 3. Nc3 e6 4. Nf3 Bb4 5. g3 Bxc3+ 6. bxc3 c6 7. Bg2 d5 8. O-O
O-O 9. Bf4 Nbd7 10. Qb3 Nb6 11. Ne5 Nbd7 12. Nf3 Ne4 13. Rfd1 Qa5 14. cxd5 exd5
15. Qb4 Qxb4 16. cxb4 Nb6 17. Ne5 Nf6 18. Rab1 a6 19. e3 Nbd7 20. a4 Nxe5 21.
Bxe5 Ne4 22. Rd3 b5 23. Rc1 Bd7 24. a5 Nf6 25. Rdc3 Ng4 26. Bd6 Rf6 27. Bf4 h5
28. h3 Nh6 29. Bg5 Rg6 30. h4 Nf7 31. Bf4 Nd8 32. Bf3 Re6 33. Bxh5 g6 34. Bf3
Nf7 35. Kg2 Rae8 36. g4 Nd6 37. g5 Kf7 38. Be5 Nc4 39. Bf6 Nd2 40. h5 Nxf3 41.
hxg6+ Kxg6 42. Kxf3 Re4 43. Rh1 f4 44. exf4 Kf5 45. Be5 R8xe5 46. fxe5 Rxd4 47.
e6 Rf4+ 48. Ke2 Kxe6 49. Re3+ Kf5 50. Rf3 Kxg5 51. Rh5+ Kxh5 52. Rxf4 Kg5 53.
Ke3 Bf5 54. Rd4 Kf6 55. f4 Ke6 56. Rd1 Bg6 57. Rg1 Kf5 58. Rg5+ Kf6 59. Kd4 Bf5
60. Kc5 Bd7 61. Kb6 d4 62. Kxa6 d3 63. Rg2 Kf5 64. Kb7 Kxf4 65. a6 Bg4 66. a7
c5 67. a8=Q Bf3+ 68. Kb6 Bxa8 69. Rb2 c4 70. Kxb5 Bd5 71. Rf2+ Ke3 72. Rf5 Be4
73. Rf1 Kd4 74. Ka4 d2 75. b5 Bc2+ 76. Kb4 d1=Q 77. Rxd1+ Bxd1 78. b6 Bf3 79.
Kb5 c3 80. Ka6 c2 81. b7 Bxb7+ 82. Kxb7 c1=Q 0-1

[Event "22. Torneo San Viator"]
[Site "Madrid ESP"]
[Date "2014.04.27"]
[Round "5.33"]
[White "Lacaci Otero, Ivan"]
[Black "Hidalgo Prado, David"]
[Result "1-0"]
[WhiteElo "1728"]
[BlackElo "1448"]
[PlyCount "47"]
[EventDate "2014.03.23"]
[EventType "swiss"]
[EventRounds "9"]
[EventCountry "ESP"]
[SourceTitle "Ajedrez en Madrid"]
[Source "lmi"]
[SourceDate "2014.03.23"]
[SourceVersion "1"]
[SourceVersionDate "2014.07.21"]
[SourceQuality "1"]

1. e4 e6 2. b3 d5 3. exd5 exd5 4. c4 d4 5. g3 c5 6. Bg2 Bd7 7. Bxb7 Bc6 8. Bxa8
Bxa8 9. Qe2+ Be7 10. f3 d3 11. Qe3 Nc6 12. Bb2 Nb4 13. Na3 Nf6 14. Nh3 O-O 15.
O-O Re8 16. Rfe1 Bf8 17. Bxf6 Rxe3 18. Bxd8 Rxe1+ 19. Rxe1 Bxf3 20. Re8 Bc6 21.
Re3 f5 22. Nf2 Nc2 23. Nxc2 dxc2 24. Rc3 1-0

[Event "22. Torneo San Viator"]
[Site "Madrid ESP"]
[Date "2014.04.27"]
[Round "5.34"]
[White "Bermejo Jimenez, Adolfo"]
[Black "Correas Aguilera, Eufemio"]
[Result "1/2-1/2"]
[WhiteElo "1442"]
[BlackElo "1727"]
[PlyCount "45"]
[EventDate "2014.03.23"]
[EventType "swiss"]
[EventRounds "9"]
[EventCountry "ESP"]
[SourceTitle "Ajedrez en Madrid"]
[Source "lmi"]
[SourceDate "2014.03.23"]
[SourceVersion "1"]
[SourceVersionDate "2014.07.21"]
[SourceQuality "1"]

1. e4 d5 2. exd5 Qxd5 3. Nc3 Qa5 4. Bc4 Nf6 5. d3 c6 6. Bd2 Bg4 7. Nf3 Qf5 8.
Qe2 Bxf3 9. Qxf3 Qxf3 10. gxf3 Nbd7 11. d4 e6 12. Ne4 Nd5 13. O-O-O Be7 14.
Rhg1 g6 15. Bb3 O-O-O 16. Bg5 Bxg5+ 17. Nxg5 Rdf8 18. Bxd5 cxd5 19. f4 h6 20.
Nf3 Kd8 21. Rd3 Ke7 22. Ne5 Nxe5 23. fxe5 1/2-1/2

[Event "22. Torneo San Viator"]
[Site "Madrid ESP"]
[Date "2014.04.27"]
[Round "5.35"]
[White "Vega De Alba, Carlos"]
[Black "Campomanes Rodriguez, Javier"]
[Result "0-1"]
[WhiteElo "1388"]
[BlackElo "1713"]
[PlyCount "78"]
[EventDate "2014.03.23"]
[EventType "swiss"]
[EventRounds "9"]
[EventCountry "ESP"]
[SourceTitle "Ajedrez en Madrid"]
[Source "lmi"]
[SourceDate "2014.03.23"]
[SourceVersion "1"]
[SourceVersionDate "2014.07.21"]
[SourceQuality "1"]

1. d4 Nf6 2. c4 e6 3. Bg5 Be7 4. e3 d5 5. Nc3 Nbd7 6. cxd5 exd5 7. Nf3 O-O 8.
Ne5 c6 9. Nxd7 Bxd7 10. Bd3 Re8 11. O-O Ne4 12. Bxe7 Qxe7 13. Re1 Qg5 14. Qf3
Bg4 15. Qf4 Qxf4 16. exf4 Bf5 17. Rad1 Nxc3 18. bxc3 Rxe1+ 19. Rxe1 Bxd3 20.
Re7 Ba6 21. f3 Kf8 22. Rc7 Re8 23. g4 g6 24. f5 Kg7 25. Rd7 Re1+ 26. Kg2 Re2+
27. Kg3 Rxa2 28. h3 Ra3 29. f4 Rxc3+ 30. Kh4 Rf3 31. Rd6 gxf5 32. Kg5 fxg4 33.
hxg4 Rh3 34. f5 h6+ 35. Kf4 Rd3 36. Ke5 Re3+ 37. Kf4 Re4+ 38. Kg3 Rxd4 39. Kh4
Be2 0-1

[Event "22. Torneo San Viator"]
[Site "Madrid ESP"]
[Date "2014.04.27"]
[Round "5.36"]
[White "Rodriguez Alonso, Marcos"]
[Black "Enriquez Pastor, Jorge"]
[Result "1/2-1/2"]
[WhiteElo "1695"]
[BlackElo "1401"]
[PlyCount "84"]
[EventDate "2014.03.23"]
[EventType "swiss"]
[EventRounds "9"]
[EventCountry "ESP"]
[SourceTitle "Ajedrez en Madrid"]
[Source "lmi"]
[SourceDate "2014.03.23"]
[SourceVersion "1"]
[SourceVersionDate "2014.07.21"]
[SourceQuality "1"]

1. e4 c6 2. d4 d5 3. exd5 cxd5 4. Bd3 Nf6 5. Bf4 Nc6 6. c3 e6 7. Ne2 Bd6 8. Nd2
Bxf4 9. Nxf4 O-O 10. Nf3 Qc7 11. Qc2 e5 12. dxe5 Nxe5 13. Nxe5 Qxe5+ 14. Qe2
Re8 15. Qxe5 Rxe5+ 16. Ne2 Bg4 17. f3 Bf5 18. Bxf5 Rxf5 19. O-O Re5 20. Nd4
Rae8 21. Rad1 Nd7 22. Nb5 Nb6 23. Nxa7 Ra8 24. Nb5 Rxa2 25. Rfe1 Rxe1+ 26. Rxe1
g6 27. b3 Rb2 28. Re8+ Kg7 29. Nd4 Kf6 30. Rb8 Nd7 31. Rxb7 Nc5 32. Rb5 Nd3 33.
g3 Rb1+ 34. Kg2 Rc1 35. Rxd5 Rxc3 36. Kf1 Nc5 37. b4 Rc1+ 38. Ke2 Ne6 39. Kd2
Rb1 40. Kc2 Rxb4 41. Nxe6 Kxe6 42. Ra5 Rb8 1/2-1/2

[Event "22. Torneo San Viator"]
[Site "Madrid ESP"]
[Date "2014.04.27"]
[Round "5.42"]
[White "Munoz Cebey, Ricardo"]
[Black "Gonzalez Hilla, Antonio"]
[Result "1/2-1/2"]
[WhiteElo "1878"]
[BlackElo "1575"]
[PlyCount "47"]
[EventDate "2014.03.23"]
[EventType "swiss"]
[EventRounds "9"]
[EventCountry "ESP"]
[SourceTitle "Ajedrez en Madrid"]
[Source "lmi"]
[SourceDate "2014.03.23"]
[SourceVersion "1"]
[SourceVersionDate "2014.07.21"]
[SourceQuality "1"]

1. c4 d5 2. cxd5 Qxd5 3. Nc3 Qa5 4. g3 Nf6 5. Bg2 c6 6. Nf3 Bg4 7. O-O g6 8. d4
Bg7 9. Ne5 O-O 10. Nxg4 Nxg4 11. e4 Nf6 12. Be3 Na6 13. Qe2 e6 14. Rfd1 Rfd8
15. a3 Qh5 16. Bf3 Qa5 17. b4 Qc7 18. Rac1 Qe7 19. b5 cxb5 20. Nxb5 b6 21. Rc4
Qd7 22. a4 e5 23. d5 Bf8 24. Bf4 1/2-1/2